000 01082nam a22002295i 4500
001 153440
003 ES-MaACL
005 20230906205227.0
008 941011s1804 sp |||| | spa d
040 _aGA
_bspa
245 0 0 _aDescripción económica del reyno de Galicia /
_cpor la Junta de Gobierno del Rl. Consulado de La Coruña ; su redactor Don José Lucas Labrada...
260 _aEn Ferrol :
_b[s.n.],
_c1804 (
_een la Imprenta de Don Lorenzo José Riesgo Montero ...)
300 _a341 p., [1] h. de grab. ;
_c31 cm.
530 _aDisponible en formato digital.
597 _aLa h. de grab. calc.: "Cosme Acuña lo inventó". "Fernando Selma lo grabó", alegoría mitológica del Consulado del Mar.
650 4 _aGalicia-
_xSituación económica-
_yS. XIX.
_9136159
700 1 _aLabrada, José Lucas.
_9128549
710 2 _aReal Consulado de La Coruña.
_9157225
752 _aEspaña -
_d, El Ferrol
852 _aES-MaACL
_jR-2754
_z-- Enc. hol.
_x Olim:C-2088
856 _uhttp://bdh-rd.bne.es/viewer.vm?id=0000095705&page=1
_zBiblioteca Digital Hispánica
999 _c153440
_d153440